| 000 | 00783nam a22002057a 4500 | ||
|---|---|---|---|
| 999 |
_c162695 _d162695 |
||
| 005 | 20190319160902.0 | ||
| 010 | _aB-713342 | ||
| 020 |
_a9780198072393 _c750.00 |
||
| 035 | _aB-713342 | ||
| 037 | _bOxford University Press | ||
| 082 | _a621.3678 | ||
| 100 | _aBhatta, Basudeb | ||
| 245 |
_aRemote sensing and GIS / _cby Basudeb Bhatta |
||
| 250 | _a2nd ed. | ||
| 260 |
_aNew Delhi _bOxford University Press _c2018 |
||
| 270 |
_aGround Floor, 2/11, Ansari Road, Daryaganj _bNew Delhi _e110002 |
||
| 300 |
_axxiv, 716p.: _bill. _c24cm(pbk) |
||
| 942 |
_2ddc _cEN _mBHA _h621.3678 |
||